000
00331 a2200109 4500
001
ART_9891
005
20260410161847.0
008
260409a
245
1
0
_a
Igualdad y equilibrio del ahorro y de la inversión
100
1
_a
Paulsen, Andreas
773
0
_t
Económica
_g
- Año I, Nº 3/4 (ene./jun. 1955)
_w
REV7541
999
_c
24622
_d
24622